00628nam a2200181Ia 4500001002200000003000900022008004100031040002300072041001300095100002900108245001500137250001500152260006500167300001900232490004900251501012400300700002200424909-EUT al an (19403)IT-MiSPE171229s9999||||xx |||||||||||||| ||und|| aIT-MiSPEcIT-MiSPE aITALIANO aEutichio di Alessandria  0aGli annali a1a ed. (v) aCairobFranciscan Centre of Christian Oriental Studiesc1987 a536 p. c24 cm aStudia Orientalia Christiana Monographiaev1 aEdizioni San Paolo srl - Piazza Soncino, 5 - 20092 CINISELLO BALSAMO (MI) (non commercial uses only) ® Copyright 2018 aBartolomeo Pirone